| 000 | 00651cam a22002411 4500 | ||
|---|---|---|---|
| 001 | 8942771 | ||
| 003 | ARRUPE | ||
| 005 | 20160927103703.0 | ||
| 008 | 780705s1966 enk b 001 0 eng | ||
| 010 | _a 66072166 | ||
| 015 | _aB66-9321 | ||
| 035 | _a(OCoLC)4023552 | ||
| 040 |
_aDLC _cGASU _dUk _dDLC |
||
| 050 | 0 | 0 |
_aBV2063 _b.W435 |
| 082 | 0 | 0 | _a266.001 |
| 100 | 1 |
_aWebster, Douglas. _926232 |
|
| 245 | 1 | 0 |
_aYes to mission. _c/ Webster Douglas |
| 260 |
_aLondon, _bS.C.M. Press, _c1966. |
||
| 300 |
_a127 p.; _c20 cm. |
||
| 650 | 0 |
_aMissions _xTheory. _926233 |
|
| 906 |
_a7 _bcbc _coclcrpl _du _encip _f19 _gy-gencatlg |
||
| 942 |
_2lcc _cMONOGRAPH |
||
| 999 |
_c125361 _d125361 |
||